Educación y pobreza: políticas, estrategias y desafíos /
Enregistré dans:
| Auteur principal: | |
|---|---|
| Format: | Texte |
| Sujets: | |
| Tags: |
Ajouter un tag
Pas de tags, Soyez le premier à ajouter un tag!
|
MARC
| LEADER | 00000 a a2200000 04500 | ||
|---|---|---|---|
| 001 | 2150 | ||
| 003 | |||
| 040 | |||
| 100 | |a Rivero, José | ||
| 245 | |a Educación y pobreza: |b políticas, estrategias y desafíos / |c José Rivero | ||
| 650 | |a EDUCACION | ||
| 650 | |a POBREZA | ||
| 650 | |a POLITICA | ||
| 650 | |a LIBERALIZACION DEL INTERCAMBIO | ||
| 650 | |a ECONOMIA | ||
| 650 | |a CULTURA | ||
| 650 | |a TECNOLOGIA | ||
| 650 | |a CONTROL SOCIAL | ||
| 650 | |a NEOLIBERALISMO | ||
| 650 | |a GOBERNABILIDAD | ||
| 650 | |a ESTADO | ||
| 650 | |a MODELO ECONOMICO | ||
| 650 | |a DESIGUALDAD SOCIAL | ||
| 650 | |a DESEMPLEO | ||
| 773 | |g número 48; páginas 5-32 | ||
| 999 | |c 39089 |d 39089 | ||
